00349nam a2200097Ia 4500008004100000100002500041245005700066260005500123650001200178856006100190160909s9999 xx 000 0 und d aSmith, Patricia Lynn aOrganizational experiences with rapid response teams bUniversity of Arkansas for Medical Sciences.c2016 aNursing uhttp://pqdtopen.proquest.com/doc/1807409627.html?FMT=ABS